Μεγαλώστε σωστά το παιδί σας : από τη γέννηση μέχρι την εφηβεία
Saved in:
| Main Author: | |
|---|---|
| Other Authors: | , |
| Format: | Book |
| Language: | Greek French |
| Published: |
Αθήνα:
Γιαλλελής,
1993.
|
| Subjects: | |
| Tags: |
Add Tag
No Tags, Be the first to tag this record!
|
MARC
| LEADER | 00000cam a2200000 i 4500 | ||
|---|---|---|---|
| 001 | 1/49112 | ||
| 008 | 040218s1993 gr | ||| |||| ||gre|| | ||
| 020 | |a 9608522684 |q (τ.2) | ||
| 035 | |l 10072361 | ||
| 040 | |a GR-MyUa |b gre |e AACR2 | ||
| 041 | 1 | |a gre |h fre | |
| 082 | 7 | |a 649.1 |2 (22) | |
| 100 | 1 | |a Dolto, Francoise. | |
| 245 | 1 | 0 | |a Μεγαλώστε σωστά το παιδί σας : |b από τη γέννηση μέχρι την εφηβεία / |c Francoise Dolto ; επιμέλεια: Δροσούλα Τσαρμακλή ; μετάφραση: Αναστασία Σίνη, Δροσούλα Τσαρμακλή. |
| 260 | |a Αθήνα: |b Γιαλλελής, |c 1993. | ||
| 300 | |a 460 σ. ; |c 21 εκ. | ||
| 500 | |a Τίτλος πρωτοτύπου: Lorsque l'enfant parait. | ||
| 650 | 0 | |a Child psychology. | |
| 650 | 0 | |a Parent and child. | |
| 650 | 0 | |a Child care. | |
| 700 | 1 | |a Τσαρμακλή, Δροσούλα, |e trlf |e edtf | |
| 700 | 1 | |a Σίνη, Αναστασία, |e trlf | |
| 852 | |a INST |b RHODES |e 20040218 |h 649.1 DOL |p 005400019660 |q 005400019660 |t BK |y 0 | ||
| 901 | |a BIBL4-2004-1 | ||
| 970 | |a Κουλακιότη |b Λίτσα |z 2004/02/18 | ||